Stories of the South old and new / editado por Addison Hibbard
Uloženo v:
| Hlavní autor: | |
|---|---|
| Médium: | Kniha |
| Jazyk: | Undetermined |
| Vydáno: |
North Carolina, Estados Unidos
The University of North Carolina Press
1931
|
| Témata: | |
| Tagy: |
Přidat tag
Žádné tagy, Buďte první, kdo vytvoří štítek k tomuto záznamu!
|
MARC
| LEADER | 00000nam a2200000Ia 4500 | ||
|---|---|---|---|
| 008 | 170316s9999 xx 000 0 und d | ||
| 040 | |a cru BVZT | ||
| 090 | |a 810 H-19s | ||
| 100 | |a Hibbard, Addison | ||
| 245 | |a Stories of the South old and new / editado por Addison Hibbard | ||
| 260 | |a North Carolina, Estados Unidos | ||
| 260 | |b The University of North Carolina Press | ||
| 260 | |c 1931 | ||
| 300 | |a 520 páginas | ||
| 650 | |a LITERATURA ESTADOUNIDENSE | ||
| 999 | |c 5735 |d 5735 | ||
| 942 | |c 15 D |h 810 H-19s |2 z | ||
